| 000 | 00413nam a2200169Ia 4500 | ||
|---|---|---|---|
| 003 | GCL | ||
| 008 | 140319s9999 xx 000 0 eng d | ||
| 040 |
_aGCL / _cGCL |
||
| 082 | 0 | 4 |
_aCH _b747 _bB W |
| 100 | 1 | _aBUTTERFLY BOOKS | |
| 245 | 1 | 0 |
_aWOOD / _cBUTTERFLY BOOKS |
| 260 |
_a[S.N] : _bLIBRAIRIE DU LIBAN ، _c1986 |
||
| 300 | _a32 | ||
| 650 | 0 | 4 | _aCHILDREN |
| 650 | 0 | 4 | _aINTERNAL DECORATION |
| 942 |
_2ddc _cBK |
||
| 999 |
_c17309 _d17309 |
||